My Singing Monsters Ethereal Workshop - Statistics

General Stats
  • This quiz has been taken 13 times
  • The average score is 14 of 16
Answer Stats
Wave # Type / Elements Answer % Correct
Wave 7 Quint (plasma, shadow, mech, crystal, poison) BeMEEBeth
100%
Wave 1 Triple (plasma, shadow, poison) Blarret
100%
Wave 1 Triple (plasma, mech, poison) Auglur
92%
Wave 1 Triple (plasma, shadow, crystal) Meebkin
92%
Wave 3 Quad (plasma, shadow, mech, poison) Vhenshun
92%
Wave 4 Triple (shadow, crystal, poison) X'rt
92%
Wave 2 Triple (plasma, crystal, poison) Flasque
83%
Wave 1 Triple (plasma, mech, crystal) Gaddzooks
83%
Wave 2 Triple (shadow, mech, crystal) Nitebear
83%
Wave 6 Quad (shadow, mech, crystal, poison) Oogiddy
83%
Wave 4 Quad (plasma, shadow, crystal, poison) Pentumbra
83%
Wave 3 Triple (shadow, mech, poison) Piplash
83%
Wave 5 Triple (mech, crystal, poison) Teeter-Tauter
83%
Wave 2 Quad (plasma, shadow, mech, crystal) Whaill
83%
Wave 1 Triple (plasma, shadow, mech) Yooreek
83%
Wave 5 Quad (plasma, mech, crystal, poison) Rhysmuth
75%
No matching quizzes found
Score Distribution
Percent of People with Each Score
Percentile by Number Answered
Your Score History
You have not taken this quiz